Statistics for India by Picture

Click here to take the quiz!

General Stats

  • This quiz has been taken 893 times
  • The average score is 12 of 18

Answer Stats

Answer% Correct
Taj Mahal
97%
Himalayas
92%
Indira Gandhi
89%
Bollywood
88%
Bay of {Bengal}
87%
Hinduism
85%
Jammu and {Kashmir}
83%
Mumbai
82%
Shiva
74%
Ganges River {Dolphin}
69%
Jawaharlal Nehru
69%
Kolkata
57%
{Tata} Motors
57%
Kumbh {Mela}
54%
Rabindranath Tagore
39%
{Curry} powder
34%
Salman Rushdie
34%
Salt March
23%

Score Distribution

Percentile by Number Answered

Percent of People with Each Score

Your Score History

You have not taken this quiz